Sports Quiz

Random Sports or MLB Quiz
Score 0/10 Timer 03:00
0 Plays Today
Batting Average Players Name % Correct
.365Joe Mauer
93.9%
.327Albert Pujols
87.9%
.334Derek Jeter
86.5%
.352Ichiro Suzuki
85.6%
.342Hanley Ramirez
82.1%
.323Miguel Cabrera
62.2%
.325Todd Helton
47%
.330Pablo Sandoval
41.5%
.322Michael Young
41.5%
.322Joey Votto
28%
Remove Ads.
Support Sporcle.
Get the best of Sporcle when you Go Orange. This ad-free experience offers more features, more stats, and more fun while also helping to support Sporcle. Thank you for becoming a member.

You're not logged in!

Compare scores with friends on all Sporcle quizzes.
OR
Log In

Show Comments

Extras

Top Quizzes Today


Score Distribution

Your Account Isn't Verified!

In order to create a playlist on Sporcle, you need to verify the email address you used during registration. Go to your Sporcle Settings to finish the process.

Report this User

Report this user for behavior that violates our Community Guidelines.

Details: